| 000 | 00651nam a2200205 i 4500 | ||
|---|---|---|---|
| 001 | 50720 | ||
| 003 | ES-MaACL | ||
| 005 | 20230906162228.0 | ||
| 007 | t| | ||
| 008 | 030806s1926 sp ||||1| spa d | ||
| 100 | 1 |
_aCuret, Francisco. _942206 |
|
| 245 | 1 | 3 |
_aEl arte dramático en el resurgir de Cataluña / _cFrancisco Curet. |
| 260 |
_aBarcelona : _b[s.n., _c1926] ( _fSob. de López Robert) |
||
| 300 |
_a406 p. ; _c18 cm. |
||
| 490 | 1 | _aBiblioteca de cultura moderna y contemporánea | |
| 830 | 0 |
_aBiblioteca de cultura moderna y contemporánea _9181123 |
|
| 852 |
_aES-MaACL _jF-601 |
||
| 852 |
_aES-MaACL _jD-4908 |
||
| 999 |
_c50720 _d50720 |
||